Statistiques concernant Passages frontaliers n°2

Cliquez ici pour prendre le quiz!

Statistiques générales

  • Ce quiz a été pris 6,962 fois
  • Le résultat moyen est 20 sur 24

Statistiques - réponses

Point de départ Direction Pays % Correct
CanadasudEtats-Unis
100%
SuèdeestFinlande
96%
EspagneouestPortugal
95%
TunisieouestAlgérie
94%
AndorrenordFrance
94%
Corée du NordsudCorée du Sud
92%
IrakestIran
91%
YémennordArabie Saoudite
90%
LiechtensteinouestSuisse
87%
Pays-BasestAllemagne
87%
MacédoinesudGrèce
86%
Saint-MarinsudItalie
86%
ParaguaysudArgentine
85%
ÉquateursudPérou
84%
KazakhstannordRussie
84%
BhoutansudInde
83%
TchadnordLibye
81%
Papouasie-Nouvelle-
Guinée
ouestIndonésie
80%
BangladeshnordInde
77%
KoweïtsudArabie Saoudite
74%
IsraëlouestÉgypte
71%
TogoouestGhana
70%
PanamaestColombie
68%
GambieestSénégal
68%

Distribution des résultats

Percentile par nombre de réponses

% des personnes avec chaque résultat

Votre développement - résultats

Vous n’avez pas pris ce quiz